LEADER 01441cam a2200349 a 4500 001 991001788589707536 008 120720s2011 enka b 001 0 eng d 020 $a9781848167742 (pt. 1) 020 $a9781848167773 (pt. 2) 035 $ab14070807-39ule_inst 040 $aDip.to Fisica$beng 082 04$a531.01516$223 084 $aLC QA805 084 $a53.1.3 100 1 $aHolm, Darryl D.$058911 245 10$aGeometric mechanics /$cDarryl D. Holm 250 $a2nd ed. 260 $aLondon :$bImperial College Press ;$aHackensack, NJ :$bDistributed by World Scientific,$cc2011 300 $a2 v. :$bill. (some col.) ;$c24 cm 504 $aIncludes bibliographical references and indexes 505 0 $gpt. 1.:$tDynamics and symmetry 505 0 $gpt. 2.:$tRotating, translating and rolling 520 $aAdvanced undergraduate and graduate students in mathematics, physics and engineering 650 4$aMechanics, Analytic$vTextbooks 650 4$aGeometry, Differential$vTextbooks 907 $a.b14070807$b28-01-14$c20-07-12 912 $a991001788589707536 945 $aLE006 53.1.3 HOL$cPt. 1$g1$i2006000167307$lle006$op$pE24.69$q-$rl$s- $t0$u0$v0$w0$x0$y.i15436147$z20-07-12 945 $aLE006 53.1.3 HOL$cPt. 2$g1$i2006000167130$lle006$op$pE24.69$q-$rl$s- $t0$u0$v0$w0$x0$y.i15436159$z20-07-12 996 $aGeometric mechanics$9225775 997 $aUNISALENTO 998 $ale006$b20-07-12$cm$da $e-$feng$g $h0$i0 LEADER 03266nam 22005415 450 001 9910411943203321 005 20251219162645.0 010 $a981-15-3164-1 024 7 $a10.1007/978-981-15-3164-4 035 $a(CKB)4100000011354674 035 $a(DE-He213)978-981-15-3164-4 035 $a(MiAaPQ)EBC6273640 035 $a(PPN)269149228 035 $a(MiAaPQ)EBC6271018 035 $a(EXLCZ)994100000011354674 100 $a20200724d2020 u| 0 101 0 $aeng 135 $aurnn#008mamaa 181 $ctxt$2rdacontent 182 $cc$2rdamedia 183 $acr$2rdacarrier 200 10$aAtlas of Thymic Pathology /$fedited by Deepali Jain, Justin A. Bishop, Mark R. Wick 205 $a1st ed. 2020. 210 1$aSingapore :$cSpringer Nature Singapore :$cImprint: Springer,$d2020. 215 $a1 online resource (XI, 206 p. 327 illus., 311 illus. in color.) 311 08$a981-15-3163-3 327 $aHistology and cytology of normal thymus -- Immunohistochemistry of normal thymus -- Radiology of normal thymus, thymic lesions and tumors -- Surgical approach to thymic lesions -- Surgical pathology of non-neoplastic thymic lesions -- Gross pathology of thymic lesions -- Histomorphology of thymomas (all WHO grades and stages) -- Cytology of thymic lesions -- Surgical pathology of thymic carcinomas -- Surgical pathology of thymic neuroendocrine tumors -- Surgical pathology of ectopic thymic carcinomas -- Molecular pathology of thymic tumors -- Other rare tumors of mediastinum involving thymus. 330 $aThis book reviews normal thymic structure and covers the histomorphology of benign and malignant tumors and rare lesions of the thymus, with detailed descriptions of over 300 full color photomicrographs accompanied by relevant clinical and radiology photographs and anatomical drawings. It includes chapters on the surgical pathology and cytology of thymic lesions (which is rarely described in the available literature), and all grades and stages of the most common thymic lesions. Written and edited by leading experts on pathology, the book highlights the expanded role of pathologists in patient care for thymic lesions. It will help students to understand thymic cytology and surgical pathology in detail and enable them to answer questions on thymic surgical resections and cytology cases in their pathology post-graduation examination. In addition, the book offers a comprehensive, richly illustrated guide to thymic pathology for clinicians, practicing pathologists, post-graduate residents and students alike. 606 $aPathology 606 $aPathology 606 $aQuistos$2thub 606 $aPatologia$2thub 608 $aLlibres electrònics$2thub 615 0$aPathology. 615 14$aPathology. 615 7$aQuistos 615 7$aPatologia 676 $a616.07 702 $aJain$b Deepali$4edt$4http://id.loc.gov/vocabulary/relators/edt 702 $aBishop$b Justin A.$4edt$4http://id.loc.gov/vocabulary/relators/edt 702 $aWick$b Mark R$4edt$4http://id.loc.gov/vocabulary/relators/edt 801 0$bMiAaPQ 801 1$bMiAaPQ 801 2$bMiAaPQ 906 $aBOOK 912 $a9910411943203321 996 $aAtlas of Thymic Pathology$92223298 997 $aUNINA